| 000 | 00713nam a2200241 a 4500 | ||
|---|---|---|---|
| 008 | |||
| 020 | _a9780702051807 (pbk.) | ||
| 049 | _aMAIN | ||
| 090 |
_aRM41 _bMED |
||
| 245 | 1 | 0 |
_aMedical pharmacology and therapeutics / _cDerek G. Waller... [et al.]. |
| 250 | _a4th ed. | ||
| 260 |
_aEdinburgh : _bElsevier Saunders, _c2014. |
||
| 300 |
_aix, 729 p. : _bcol. ill. ; _c27 cm. |
||
| 504 | _aIncludes bibliographical references. | ||
| 500 | _aIncludes index. | ||
| 650 | 1 | _aMedical pharmacology. | |
| 700 | _aWaller, Derek G. | ||
| 907 |
_a.b10363750 _b26-09-17 _c27-10-15 |
||
| 003 | |||
| 005 | 20230120204223.0 | ||
| 040 | _cNUST | ||
| 942 |
_cBOOKS _kRM41 _mMED |
||
| 999 |
_c119286 _d119286 |
||